ordinances Nos : No.20 of 1921. An ordinance Further To Amend "The Small Towns Sanitary ordinance,1892." (Embodied In No.18 of 1892 Vol.2.,Page 214.) [Date of Governor's Assent : July 6,1921.] [ Date of Commencement : July 6, 1921.] (Record no. 50752)
[ view plain ]
| 000 -LEADER | |
|---|---|
| fixed length control field | 00549nam a2200145Ia 4500 |
| 008 - FIXED-LENGTH DATA ELEMENTS--GENERAL INFORMATION | |
| fixed length control field | 180921t xxu||||| ||||o00| 0 eng d |
| 041 ## - LANGUAGE CODE | |
| Language code of text/sound track or separate title | English |
| 080 ## - UNIVERSAL DECIMAL CLASSIFICATION NUMBER | |
| Universal Decimal Classification number | Vol.3 1910-1923 |
| 942 ## - ADDED ENTRY ELEMENTS (KOHA) | |
| Koha item type | Books |
| 003 - CONTROL NUMBER IDENTIFIER | |
| control field | LK-CoDNM |
| 040 ## - CATALOGING SOURCE | |
| Original cataloging agency | LK-CoDNM |
| Modifying agency | LK-CoDNM |
| Description conventions | LK-CoDNM |
| 245 ## - TITLE STATEMENT | |
| Title | ordinances Nos : No.20 of 1921. An ordinance Further To Amend "The Small Towns Sanitary ordinance,1892." (Embodied In No.18 of 1892 Vol.2.,Page 214.) [Date of Governor's Assent : July 6,1921.] [ Date of Commencement : July 6, 1921.] |
| 300 ## - PHYSICAL DESCRIPTION | |
| Extent | p.927, 23 cm |
| 650 ## - SUBJECT ADDED ENTRY--TOPICAL TERM | |
| Topical term or geographic name as entry element | Small Towns |
| Withdrawn status | Lost status | Damaged status | Not for loan | Collection code | Permanent Location | Current Location | Date acquired | Full call number | Koha item type |
|---|---|---|---|---|---|---|---|---|---|
| Government Publications | Library National Museum Colombo - Sri Lanka | Library National Museum Colombo - Sri Lanka | 2013-06-04 | Vol.3 1910-1923 | Books |


